|
|
|
|
| LEADER |
00976nam a2200241 a 4500 |
| 001 |
4786743 |
| 008 |
091003s1987 cau b 001 0 eng d |
| 010 |
|
|
|a \\\87021772
|
| 020 |
|
|
|a 0803931298 (pbk.) :
|c $9.95
|
| 040 |
|
|
|a DLC
|c DLC
|d DLC
|
| 082 |
0 |
0 |
|a 361.6/1/072
|2 19
|
| 100 |
1 |
|
|a Patton, Michael Quinn.
|
| 245 |
1 |
0 |
|a How to use qualitative methods in evaluation /
|c Michael Quinn Patton.
|
| 260 |
|
|
|a Newbury Park, Calif. :
|b Sage Publications,
|c c1987.
|
| 300 |
|
|
|a 176 p. ;
|c 22 cm.
|
| 490 |
0 |
|
|a Program evaluation kit (2nd ed.) ;
|v 4
|
| 504 |
|
|
|a Includes bibliographical references (p. 171-173) and index.
|
| 541 |
1 |
|
|e 00003821
|
| 650 |
|
0 |
|a Social sciences
|x Methodology.
|
| 650 |
|
0 |
|a Evaluation research (Social action programs)
|
| 852 |
4 |
|
|a Ayesha Abed Library
|j General shelf
|
| 999 |
|
|
|c 4181
|d 4181
|
| 952 |
|
|
|0 0
|1 0
|2 ddc
|4 0
|6 361_610720000000000_PAT_1987
|7 0
|9 3845
|a BRACUL
|b BRACUL
|c GEN
|d 2009-10-03
|g 176.00
|l 0
|o 361.61072 PAT
|p 3010003821
|r 2009-10-03
|t 1
|v 352.00
|w 2009-10-03
|y BK
|